फरिस्ते भी मरते है : (Record no. 116982)

MARC details
000 -LEADER
fixed length control field 01235nam a22002777a 4500
003 - CONTROL NUMBER IDENTIFIER
control field dpl
005 - DATE AND TIME OF LATEST TRANSACTION
control field 20180915130650.0
008 - FIXED-LENGTH DATA ELEMENTS--GENERAL INFORMATION
fixed length control field 180915b xxu||||| |||| 00| 0 eng d
010 ## - LIBRARY OF CONGRESS CONTROL NUMBER
LC control number A-800811
020 ## - INTERNATIONAL STANDARD BOOK NUMBER
Terms of availability 100.00
035 ## - SYSTEM CONTROL NUMBER
System control number A-800811, A-800835
037 ## - SOURCE OF ACQUISITION
Source of stock number/acquisition Cen Lib/Ret
040 ## - CATALOGING SOURCE
Original cataloging agency DPL
Language of cataloging HN
Transcribing agency 0
082 ## - DEWEY DECIMAL CLASSIFICATION NUMBER
Classification number
Item number मुशर्र
100 ## - MAIN ENTRY--PERSONAL NAME
Personal name मुशर्रफ आलम जौकी
9 (RLIN) 44266
245 ## - TITLE STATEMENT
Title फरिस्ते भी मरते है :
Statement of responsibility, etc मुशर्रफ आलम जौकी
Remainder of title सुलगती बस्तियों की आप बीती /
246 ## - VARYING FORM OF TITLE
Title proper/short title Fariste bhi marte hain : sulagti bastiyon ki aap biti
Remainder of title by Musharraf Alam Jouki
260 ## - PUBLICATION, DISTRIBUTION, ETC. (IMPRINT)
Place of publication, distribution, etc दिल्ली
Name of publisher, distributor, etc संस्कृति साहित्य
Date of publication, distribution, etc 1996
270 ## - ADDRESS
Address 30 /22, ए -गली न. -9, विश्वास नगर शाहदरा
City दिल्ली
Postal code 110032
300 ## - PHYSICAL DESCRIPTION
Extent 128पृष्ठ.
Dimensions 20सेमी(सजिल्द)
650 ## - SUBJECT ADDED ENTRY--TOPICAL TERM
Topical term or geographic name as entry element हिंदी साहित्य
9 (RLIN) 69378
650 ## - SUBJECT ADDED ENTRY--TOPICAL TERM
Topical term or geographic name as entry element हिंदी कहानी
9 (RLIN) 69379
650 ## - SUBJECT ADDED ENTRY--TOPICAL TERM
Topical term or geographic name as entry element Hindi literature
9 (RLIN) 69380
650 ## - SUBJECT ADDED ENTRY--TOPICAL TERM
Topical term or geographic name as entry element Hindi story
9 (RLIN) 43117
942 ## - ADDED ENTRY ELEMENTS (KOHA)
Source of classification or shelving scheme Dewey Decimal Classification
Koha item type Hindi Books
Classification part
Call number suffix मुशर्र
Holdings
Withdrawn status Lost status Damaged status Not for loan Home library Current library Date acquired Source of acquisition Cost, normal purchase price Total Checkouts Full call number Barcode Date last seen Copy number Cost, replacement price Price effective from Koha item type Public note Source of classification or shelving scheme Collection code Shelving location Date checked out
Written off       Central Library Central Library 26/08/2015 Cen Lib /Ret 100.00   क मुशर्र A-800811 26/08/2015 1 100.00 26/08/2015 Hindi Books Written off on approval of DLB (By Circulation)        
        Patel Nagar Patel Nagar 17/11/2018 BPPD/PUB 100.00 1 क मुशर्र A-800826 13/12/2022   100.00 17/11/2018 Hindi Books   Dewey Decimal Classification Fiction General Stacks 29/11/2022
        Shahdara Branch Shahdara Branch 15/09/2018 BPPD/PUB 100.00   क मुशर्र A-800835 15/09/2018   100.00 15/09/2018 Hindi Books   Dewey Decimal Classification Fiction    

© Delhi Public Library
Hit Counter
free hit counter